| 000 | 00727nam a22002297a 4500 | ||
|---|---|---|---|
| 005 | 20251108171927.0 | ||
| 008 | 250721s9999 xx 000 0 ara d | ||
| 082 | 1 | 4 | _aط/956.041/معا |
| 100 | 1 |
_aهنداوي، خليل _eجامع |
|
| 245 | 1 | 0 | _aمعاوية بن أبي سفيان / |
| 264 | 1 |
_aبيروت : _bدار الشرق العربي، _c[19-]. |
|
| 300 | _a120ص | ||
| 490 | 0 | _aأعلام خالدون | |
| 650 | 1 | 7 | _aالدولة الأموية |
| 650 | 1 | 7 | _aالخلفاء الراشدون |
| 653 | _aناشئون صغار (10-14 سنة ) | ||
| 700 | 1 | _aالأنطاكي، محمد | |
| 700 | 1 | _aحاضري، بدر الدين | |
| 700 | 1 | _aقجة، محمد | |
| 942 |
_2ddc _cBK |
||
| 999 |
_c66142 _d66142 |
||